000 00311nam a22001337a 4500
008 170627b xxu||||| |||| 00| 0 eng d
020 _a9780262700665
041 _aeng
080 _a511
100 _a21
101 _aGJL
245 _aREPRESENTING TIME IN NATURAL LANGUAGE
_cMEULEN.T
942 _2udc
_cBK
999 _c19173
_d19173